Top 10 Pork Producing US States - Statistics

General Stats
  • This quiz has been taken 273 times
  • The average score is 7 of 10
Answer Stats
Value of Pork Produced State % Correct
4.2 Billion Iowa
82%
1.54 Billion Illinois
77%
542.7 Million Ohio
77%
1.04 Billion Indiana
72%
657.5 Million Nebraska
70%
1.47 Billion Minnesota
64%
605.2 Million Wisconsin
63%
791 Million Missouri
62%
952.7 Million Oklahoma
54%
1.46 Billion North Carolina
36%
No matching quizzes found
Score Distribution
Percent of People with Each Score
Percentile by Number Answered
Your Score History
You have not taken this quiz